Rýžoviště zlata a doly drahokamů

Bibliographic Details
Main Author: Mas'údí, Abu l-Hasan 'Alí ibn Husain al, asi 900-956 (Author)
Other Authors: Vokálek, Vladimír (Illustrator), Hrbek, Ivan, 1923-1993 (Translator, Author of introduction, etc.)
Format: Book
Language:Czech
Arabic
PhysicalDescription:746 s. mapy 21 cm
Published: Praha Odeon 1983
Edition:Vyd. 1.
Series:Živá díla minulosti
Subjects:

MARC

LEADER 00000cam a2200000 a 4500
001 vtls008469211
003 SK-MaSNL
005 20260301075829.0
008 202510s1983 xr grh 000 0dcze
015 |a SNBA1983 
040 |a SNK  |b slo  |c SNK  |e AACR2 
041 1 |a cze  |h ara 
043 |a az----- 
072 7 |a 94(100)"04/ ..."  |x Dejiny stredoveku a novoveku (všeobecne)  |2 konspekt 
080 |a 910.4-051  |2 2011 
080 |a (5-13)  |2 2011 
080 |a 94"04/14"  |2 2011 
080 |a (0:82-9)  |2 2011 
100 1 |a Mas'údí, Abu l-Hasan 'Alí ibn Husain al,  |d asi 900-956  |4 aut  |9 400527 
240 1 0 |a Murúdž adh-dhahab wa ma'ádin al-džawáhir  |l Česky 
245 1 0 |a Rýžoviště zlata a doly drahokamů  |c Abu l-Hasan 'Alí ibn al-Husain al-Mas'údí ; z arabštiny přeložil, předmluvu, poznámky a chronologickou tabulkou muslimských dynastií opatřil Ivan Hrbek ; mapky nakreslil Vladimír Vokálek 
250 |a Vyd. 1. 
260 |a Praha  |b Odeon  |c 1983 
300 |a 746 s.  |b mapy  |c 21 cm 
366 |e 5000 výtl. 
490 1 |a Živá díla minulosti  |v Svazek 94 
504 |a Obsahuje bibliografické odkazy 
600 1 7 |a Mas'údí, Abu l-Hasan 'Alí ibn Husain al,  |d asi 900-956  |2 SNKMA  |9 400527 
650 0 7 |a cestovatelia  |2 SNKPH  |9 58750 
650 0 7 |a Travellers  |2 SNKPHeng  |9 304688 
650 0 7 |a stredovek  |2 SNKPH  |9 4259 
650 0 7 |a Middle Ages  |2 SNKPHeng  |9 263011 
651 7 |a Ázia južná  |2 SNKPHgeo  |9 56250 
651 7 |a South Asia  |2 SNKPHeng  |9 333600 
655 7 |a texty  |2 SNKPH  |9 70511 
655 7 |a Texts  |2 SNKPHeng  |9 302902 
700 1 |a Vokálek, Vladimír  |4 ill  |9 377328 
700 1 |a Hrbek, Ivan,  |d 1923-1993  |4 trl  |4 aui  |9 400528 
830 0 |a Živá díla minulosti  |9 284249 
852 |a Slovenská národná knižnica 
954 |a odborná, vedecká literatúra cudzojazyčná (svetová)  |2 lita 
958 |a OND 
958 |a NB 
958 |a AS 
968 |b AR 
999 |c 651413  |d 653343 
952 |a SNK  |b SNK  |y VYP  |7 0  |p 17A0527835  |o snkIC 91913  |i snkKIP 6580/83  |3 rekatalogizácia  |0 0  |1 0  |4 0  |d 2007-03-22  |l 0  |r 2026-02-23 18:23:06  |w 2026-02-23